000 01143cam a2200217 4500
001 ABS64933
008 011217n2001 000 0 eng u
035 _a(Sirsi) u116016
100 _aBishop, D.
245 _aAffordable housing through the planning process
260 _c2001
490 _aCSM (Chartered Surveyor Monthly)
_vNovember and December 2001, 23(2)
520 _aSummarises the new research undertaken by RICS and the Housing Corporation which looks at the different approaches local authorities take in the provision of affordable housing. Concludes that the provision of this housing is considerably eased by clear local policies. The foundations for local delivery include increased clarity of affordable housing provisions and promotion of a better and more consistent understanding of the processes and issues affecting each party to the delivery of PPG3 affordable housing.
590 _aABS
650 _aPPG3
650 _aTOWN AND COUNTRY PLANNING ACT 1971
650 _aHOUSING CORPORATION
650 _aSOCIAL HOUSING
690 _aENVIRONMENTAL AND LAND CONSULTANCY-PLANNING AND DEVELOPMENT
942 _n0
999 _c69124
_d69124